Welcome to CU Library Online Public Access Catalogue (OPAC)

Surveying and Levelling (Record no. 8391)

MARC details
000 -LEADER
fixed length control field 00418nam a22001457a 4500
005 - DATE AND TIME OF LATEST TRANSACTION
control field 20251128095110.0
008 - FIXED-LENGTH DATA ELEMENTS--GENERAL INFORMATION
fixed length control field 251128b |||||||| |||| 00| 0 eng d
020 ## - INTERNATIONAL STANDARD BOOK NUMBER
International Standard Book Number 9780074603994
050 ## - LIBRARY OF CONGRESS CALL NUMBER
Classification number TA545 BAS
100 ## - MAIN ENTRY--PERSONAL NAME
Personal name Basak, N. N.
245 ## - TITLE STATEMENT
Title Surveying and Levelling
Statement of responsibility, etc. N. N. Basak
260 ## - PUBLICATION, DISTRIBUTION, ETC.
Place of publication, distribution, etc. New Delhi
Name of publisher, distributor, etc. Tata McGraw-Hill Publishing Company Limited
Date of publication, distribution, etc. 2008
300 ## - PHYSICAL DESCRIPTION
Extent xiv. 549p.
Other physical details ill.
Dimensions 22.5cm
942 ## - ADDED ENTRY ELEMENTS (KOHA)
Source of classification or shelving scheme Library of Congress Classification
Koha item type Books
Suppress in OPAC No
999 ## -
-- 8391
-- 8391
Holdings
Withdrawn status Lost status Source of classification or shelving scheme Damaged status Not for loan Collection Home library Current library Shelving location Date acquired Total checkouts Full call number Barcode Date last seen Copy number Price effective from Koha item type
    Library of Congress Classification     Non-fiction Science Library (Miotso) Science Library (Miotso) General stacks 11/28/2025   TA545 BAS SLM00006237 11/28/2025 1 11/28/2025 Books
    Library of Congress Classification     Non-fiction Science Library (Miotso) Science Library (Miotso) General stacks 11/28/2025   TA545 BAS SLM00006238 11/28/2025 2 11/28/2025 Books
    Library of Congress Classification     Non-fiction Science Library (Miotso) Science Library (Miotso) General stacks 11/28/2025   TA545 BAS SLM00006239 11/28/2025 3 11/28/2025 Books
    Library of Congress Classification     Non-fiction Science Library (Miotso) Science Library (Miotso) General stacks 11/28/2025   TA545 BAS SLM00006240 11/28/2025 4 11/28/2025 Books
    Library of Congress Classification     Non-fiction Science Library (Miotso) Science Library (Miotso) General stacks 11/28/2025   TA545 BAS SLM00006241 11/28/2025 5 11/28/2025 Books
© 2023-2024 Copyright: Central University Libraries. All Rights Reserved | Created by: Mahone Tech Office